| 000 | 00404nam a2200169Ia 4500 | ||
|---|---|---|---|
| 003 | LK-CoDNM | ||
| 008 | 010623t1935 xxu||||| |||| 00| 1 eng d | ||
| 040 |
_aLK-CoDNM _dLK-CoDNM _eLK-CoDNM |
||
| 041 | _aeng | ||
| 080 |
_a50 _bK18 |
||
| 245 | _aPlate's Ceylon annual,1935 | ||
| 260 |
_bPlate Ltd _aColpetty _c1935 |
||
| 300 | _b60p,ill,pl., 30 cm | ||
| 650 | _aBirds | ||
| 650 | _aSigiriya | ||
| 942 | _cBK | ||
| 999 |
_c97658 _d97658 |
||